[Event "Reykjavik Congress"]
[Site "Reykjavik"]
[Date "2020.01.29"]
[Round "8"]
[White "Eliasson, Kristjan Orn"]
[Black "Sigfusson, Ottar Orn Bergmann"]
[Result "1-0"]
[WhiteElo "1772"]
[BlackElo "1525"]
[PlyCount "119"]
[EventDate "2020.01.05"]
[EventType "swiss"]
[EventRounds "9"]
[EventCountry "ISL"]
[SourceTitle "EXT 2021"]
[Source "ChessBase"]
[SourceDate "2020.10.23"]
[SourceVersion "1"]
[SourceVersionDate "2020.10.23"]
[SourceQuality "1"]

1. e4 e6 2. Nf3 d5 3. exd5 exd5 4. d4 Bd6 5. Nc3 c6 6. h3 h6 7. Bd3 Nf6 8. Be3 Be6 9. Qd2 a5 10. a3 Nbd7 11. 0-0 0-0 12. Rfe1 Qc7 13. Nh4 Nb6 14. Bxh6 gxh6 15. Qxh6 Bf4 16. Qxf6 Nd7 17. Qe7 Rfe8 18. Rxe6 Rxe7 19. Rxe7 Bg5 20. Nf5 Kf8 21. Ree1 Qb6 22. Na4 Qa7 23. Nc3 Bf6 24. Ne2 a4 25. c3 Qb6 26. Rab1 Qc7 27. g3 Nb6 28. Kg2 Nc8 29. Nh6 Nd6 30. Ng4 Bg7 31. Nf4 Re8 32. Nh5 Rxe1 33. Rxe1 Qb6 34. Nxg7 Kxg7 35. Re2 Qb3 36. Ne3 Nb5 37. Bxb5 Qxb5 38. Rd2 Qb6 39. h4 Qd8 40. f3 Qe8 41. Re2 Qd8 42. g4 Kh7 43. Nf5 Qb6 44. h5 Qb3 45. Rd2 Qb6 46. Kg3 Qd8 47. Re2 Qc7+ 48. f4 Qb6 49. Ne3 Qb5 50. Rd2 Qb3 51. g5 Qa2 52. f5 Qb1 53. g6+ fxg6 54. hxg6+ Kg7 55. Rf2 Qc1 56. Kf3 Qh1+ 57. Ke2 Qb1 58. f6+ Kf8 59. g7+ Kf7 60. Rg2 1-0

[Event "Reykjavik Congress"]
[Site "Reykjavik"]
[Date "2019.01.06"]
[Round "1"]
[White "Sigfusson, Ottar Orn Bergmann"]
[Black "Briem, Stephan"]
[Result "0-1"]
[WhiteElo "1275"]
[BlackElo "1987"]
[PlyCount "52"]
[EventDate "2019.01.06"]
[EventType "swiss"]
[EventRounds "9"]
[EventCountry "ISL"]
[SourceTitle "CBM 188 Extra"]
[Source "ChessBase"]
[SourceDate "2019.02.26"]
[SourceVersion "1"]
[SourceVersionDate "2019.02.26"]
[SourceQuality "1"]

1. e4 c5 2. c3 Nf6 3. e5 Nd5 4. d4 cxd4 5. Nf3 Nc6 6. cxd4 d6 7. Bb5 Qa5+ 8. Nc3 Nxc3 9. Bxc6+ bxc6 10. Qd2 Ba6 11. Qxc3 Qb5 12. Qc2 e6 13. Be3 dxe5 14. Nxe5 Bb4+ 15. Kd1 c5 16. Qe4 0-0 17. Qg4 f5 18. Qh5 cxd4 19. Bxd4 Rad8 20. Qh4 Qe2+ 21. Kc1 Rc8+ 22. Nc6 Rxc6+ 23. Bc5 Bd2+ 24. Kc2 Rxc5+ 25. Qc4 Rxc4+ 26. Kb1 Qd3# 0-1

[Event "Reykjavik Bikarsyrpa mot 3"]
[Site "Reykjavik"]
[Date "2017.10.28"]
[Round "4.5"]
[White "Haile, Batel Goitom"]
[Black "Sigfusson, Ottar Orn Bergmann"]
[Result "1-0"]
[WhiteElo "1318"]
[BlackElo "1023"]
[PlyCount "101"]
[EventDate "2017.10.27"]
[EventType "swiss"]
[EventRounds "7"]
[EventCountry "ISL"]
[SourceTitle "EXT 2024"]
[Source "ChessBase"]
[SourceDate "2023.10.10"]
[SourceVersion "1"]
[SourceVersionDate "2023.10.10"]
[SourceQuality "1"]

1. e4 e5 2. Nf3 Nc6 3. Bc4 Bc5 4. Nc3 Nf6 5. d3 h6 6. h3 0-0 7. 0-0 b6 8. Qe2 Ne7 9. Nxe5 d6 10. Nf3 Bd7 11. a3 b5 12. Nxb5 Bxb5 13. Bxb5 c6 14. Ba4 Re8 15. Be3 Qb6 16. d4 Qa5 17. dxc5 Qxa4 18. cxd6 Ng6 19. e5 Nxe5 20. b3 Qa5 21. Nxe5 Qxe5 22. Qd3 Rad8 23. Qd4 Qxd4 24. Bxd4 a6 25. Bxf6 gxf6 26. Rad1 Re2 27. c4 Rb2 28. Rd3 Re2 29. c5 Re5 30. b4 a5 31. Rd4 axb4 32. axb4 Kf8 33. f4 Rf5 34. g4 Rd5 35. Rxd5 cxd5 36. Rd1 Rb8 37. Rxd5 Ke8 38. c6 Rxb4 39. d7+ Kd8 40. c7+ Kxc7 41. d8Q+ Kb7 42. Qd7+ Ka6 43. Qd6+ Rb6 44. Qa3+ Kb7 45. Rc5 Kb8 46. Qa5 Rb1+ 47. Kg2 Rb2+ 48. Kg3 Rb3+ 49. Kh4 Rb7 50. Qd8+ Ka7 51. Ra5# 1-0